000 nam a22 7a 4500
999 _c8239
_d8239
008 171212b xxu||||| |||| 00| 0 eng d
100 _94663
_aDICKENS.C
245 _aA TALE OF TWO CITIES
260 _aNEW DELHI
_bHAR ANAND
_c2017